Všeobecné technické vzdelanie a nezamestnaná mládež

Výsledky výskumu vzťahu nezamestnanosti mladých absolventov základných škôl a stredných odborných učilíšť a úrovne poznatkov z oblasti všeobecného technického vzdelania.

Na minha lista:
Detalhes bibliográficos
Autor principal: Ďurčík, Jaroslav
Formato: Capítulo de Livro
Idioma:eslovaco
Assuntos:
Tags: Adicionar Tag
Sem tags, seja o primeiro a adicionar uma tag!

MARC

LEADER 00000naa$a2200000$$$4500
001 0029023
005 20231010123513.3
041 0 |a slo 
044 |a SK 
245 1 0 |a Všeobecné technické vzdelanie a nezamestnaná mládež  |c Jaroslav Ďurčík 
520 |a Výsledky výskumu vzťahu nezamestnanosti mladých absolventov základných škôl a stredných odborných učilíšť a úrovne poznatkov z oblasti všeobecného technického vzdelania. 
610 2 0 |a vzdelanie 
610 2 0 |a vzdelanie odborné 
610 2 0 |a učilištia odborné stredné 
610 2 0 |a školy základné 
610 2 0 |a absolventi 
610 2 0 |a nezamestnanosť 
610 2 0 |a vedomosti 
610 2 0 |a technika 
610 2 0 |a pojmy 
610 2 0 |a informácie štatistické 
610 2 0 |a výskum 
100 1 |a Ďurčík, Jaroslav